Airports Of The World - Statistics

General Stats
  • This quiz has been taken 41 times
  • The average score is 4 of 10
Answer Stats
Picture Answer % Correct
London
78%
Paris
75%
Stockholm
63%
Berlin
59%
Amsterdam
47%
Tokyo
41%
Rome
38%
Gibraltar
31%
Cologne
9%
Krakow
0%
No matching quizzes found
Score Distribution
Percent of People with Each Score
Percentile by Number Answered
Your Score History
You have not taken this quiz